Zásadní otázka: Co je lepší

Výhoda inzercií v jednotlivých médiách - denníkoch, časopisoch, rozhlase a televízii. Odhad výdavkov na reklamu v r. 1996. Umiestnenie reklamných blokov. Sledovanosť reklamy v hlavnom vysielacom čase, tzv. prime time od 20.00 hod.

Gespeichert in:
Bibliographische Detailangaben
1. Verfasser: Šporková, S.
Format: Buchkapitel
Sprache:Tschechisch
Schlagworte:
Tags: Tag hinzufügen
Keine Tags, Fügen Sie das erste Tag hinzu!

MARC

LEADER 00000naa a2200000 4500
001 r025883
005 20230911123020.6
041 0 |a cze 
044 |a CZ 
245 1 0 |a Zásadní otázka: Co je lepší  |c S. Šporková 
520 |a Výhoda inzercií v jednotlivých médiách - denníkoch, časopisoch, rozhlase a televízii. Odhad výdavkov na reklamu v r. 1996. Umiestnenie reklamných blokov. Sledovanosť reklamy v hlavnom vysielacom čase, tzv. prime time od 20.00 hod. 
610 2 0 |a reklama 
610 2 0 |a výdavky 
610 2 0 |a médiá 
610 2 0 |a inzercia 
610 2 0 |a prieskum spotrebiteľský 
100 1 |a Šporková, S.